000 01737nam a2200253Ia 4500
001 16250
003 GE_BSU
008 181216s||||||||xx |||||||||||||| ||und||
020 _a9789994055579
040 _cGE_BSU
080 _a94(479.22)(093)+930.22/27(479.22)
245 _aქართლის ცხოვრება
245 _bსაქართველოს ისტორია
245 _cმთ.რედ:როინ მეტრეველი,სარედ:კოლ:მედეა აბაშიძე,გიული ალასანია,ზაზა ალექსიძე და სხვ:ტესტები გამოსაც.მოამზ.მიხეილ ქავთარიამ და სხვ.ბიბლიოგრ.შემდგ.ვალერი სილოგავა,საძ.შემდგ.ნესტან ბაგაუნი,მხატვ:შოთა ნიორაძე,ილ.ბუბა კუდავა
260 _aთბილისი.
260 _bმერიდიანი-არტანუჯი
260 _c2008
300 _a830გვ;+7ჩართ.რუკა,29სმ
300 _bდანართები:გვ:657-730;საზიებელი გვ:783-828.ბიბლიოგრ.გვ:731-781
520 _aეძღვნება საქართველოს კათოლიკოს პატრიარქის ილიაII -ის დაბადების 75-ე და აღსაყდრების 30-ე წლისთავს.
653 _aსაქართველოს ისტორია
653 _aქართლის ცხოვრება
942 _cBK
999 _c49333
_d49333